000
00357nam a2200169Ia 4500
100
_a
Zak/Diane
650
_a
Visual Basic
942
_c
BK
366
_f
25
654
_a
visual basic 2008
245
_a
Visual Basic 2008
260
_b
Cengage Learning
_c
2008
082
_a
5.133
_b
ZAK
300
_a
545
546
_a
ENGLISH
_c
PAMPHALETS
999
_c
20863
_d
20863